000 00352nam a2200133Ia 4500
008 240624s9999 xx 000 0 und d
041 _aeng
082 _a368.01 CHA
100 _aCHARPENTIER ARTHUR
245 _aCOMPUTATIONAL ACTUARIAL SCIENCE WITH R
260 _c2016
_aLondon
_bCRC Press
300 _axxxi, : 618 : p. : cm. ; 24
365 _cRS
_b31
999 _c26647
_d26647